Quizzes
Events
Quiz Creation
Community
Videos
Private Events
Remove Ads
Sign In
Join for FREE
Feedback
Dark Mode
Quiz Categories
Sports
Geography
Music
Movies
Television
Just For Fun
Miscellaneous
History
Literature
Language
Science
Gaming
Entertainment
Religion
Holiday
For Kids
Quiz Lab
Recent
Popular Today
Quiz Kudos Today
Editor Picks
Curator Picks
Quizzes by...
Day
Popularity
Type
Ratings
Length
Year
Community
Subscriptions
Recent Discussions
Orange Saloon
Badges
Playlists
Quests
Create
Leaderboards
Showdown
Live 5
Trivia Bingo
Activity
Puzzle Library
Sporcle Events
Private Events
Virtual Trivia
Globe League
Become a Host
Pub Owners
SporcleCon
Opinionation
Our Games
Videos
Blog
Mobile Apps
Partnerships
Remove Ads and Go Orange
Feedback
Geography
Country
Landmarks
City
State
Population
World
Capital
Continent
Flags
Europe
Africa
Asia
South America
North America
Oceania
Border
Canada
United Kingdom
Topography
United States
Geography
Country
Landmarks
City
State
Population
World
Capital
Continent
Flags
Europe
Africa
Asia
South America
North America
Oceania
Border
Canada
United Kingdom
Topography
United States
Random Quiz
Search Sporcle
×
Quiz Lab
Quiz Lab
Geography
Midwest
Type in answers that appear in a list
Type in answers that appear in a list
Classic
Best Score? Go Orange.
Midwestern metros Stats
Can you name the largest metropolitan areas in the Midwestern United States as of 2010?
By
SporcleEXP
9m
33 Questions
813 Plays
813 Plays
813 Plays
Comments
Comments
Give Quiz Kudos
Give Quiz Kudos
-
- Ratings
hide this ad
More Info
Replay
Link that replays current quiz
Next Quiz
Link to next quiz in quiz playlist
You Got
0%
They Got
Avg Score
82%
Avg Friend Score
Upgrade to see
Score Distribution
Jump to the score distribution portion of the page
Score
0/33
Timer
09:00
0
Plays Today
State
City
% Correct
IL/
IN/
WI
Chicago
99.4%
MN/
WI
Minneapolis/St. Paul
98.9%
MI
Detroit
98.8%
MO/
KS
Kansas City
98.3%
MO/
IL
St. Louis
97.9%
OH
Cleveland
97.9%
IN
Indianapolis
97.7%
OH
Columbus
97.3%
OH/
KY/
IN
Cincinnati
97.2%
WI
Milwaukee
97.2%
NE/
IA
Omaha
95.7%
IA
Des Moines
93.2%
WI
Madison
93.1%
OH
Toledo
88.4%
OH
Akron
87.8%
KS
Wichita
85.2%
MI
Grand Rapids
83.1%
State
City
% Correct
NE
Lincoln
83.1%
OH
Dayton
82.2%
MI
Lansing
81.9%
MO
Springfield
80.4%
WI
Green Bay
76.6%
IN
Fort Wayne
74.4%
OH/
PA
Youngstown
72%
MI
Flint
71.6%
IA/
IL
Quad Cities
67.3%
MI
Ann Arbor
66.7%
IN/
MI
South Bend
66.3%
IN/
KY
Evansville
60.8%
IL
Peoria
59.7%
IL
Rockford
59.3%
OH
Canton
52.3%
MI
Kalamazoo
51.2%
Quiz Playlist
Details
Report
Send in Message
Add To Playlist
More Info:
For metro areas centered in the Midwest but extending into outside states, the entire metro area is included.
Classic:
Type in answers that appear in a list
Quiz Source
Last Updated: Jan 31, 2019
Quiz Scoreboard
CHALLENGE
Sign Up to Join the Scoreboard
Show All
Scores
Hide
Comments
May contain spoilers
Recently Published
TV Characters by Other Roles V
by ghcgh
Television
5m
Decade Duel: World Leaders
by jenniferyan
History
4m
Alphabetical 'K' Countries by Flag Minefield
by ylime102
Geography
3m
More to Explore
Quiz From the Vault
Featured Blog Post
15 Basketball Trivia Facts You Can Be March Mad About
hide this ad
You Might Also Like...
Tags
chicago
metropolitan
Midwest
Today's Top Quizzes in Geography
Browse Geography
hide this ad
Today's Top Quizzes in Midwest
Browse Midwest
Top Contributed Quizzes in Geography
1
Countries of the World - No Outlines Minefield
2
'A' Capitals Crossword
3
Countries of the World: 1800
4
Least Populated Answer: 'G' Countries
5
Pick 6: Mountains
6
Alphabetical 'L' Countries By Flag Minefield
7
Pick 6: National Parks
8
Pick 6: US States
9
Alphabetical 'M' Countries By Flag Minefield
10
Lietuvos savivaldybės (Lithuanian Municipalities)
Explore More
Trending Topics
Disney
Marvel
NBA
Crossword
Anime
Harry Potter
Kpop
WWE
NFL
Country
Pokémon
Puzzle
Soccer
Song
The Office
hide this ad
More By:
SporcleEXP
Quiz
Plays
Rating
Category
Featured
Created
Harry Potter Deaths in Order Minefield
3,060,470
4.18
Literature
Jan 27, 2016
Sins, Dwarfs, and Spice Girls
846,647
4.42
Just For Fun
Apr 11, 2012
Ancient History Bunker
706,624
4.28
History
Jan 20, 2014
Movie Posters VI
678,044
4.37
Movies
Nov 12, 2010
Movie Posters VII
620,939
4.44
Movies
Apr 16, 2011
Go to Creator's Profile
Score Distribution
Quiz Creator Spotlight
SporcleEXP
Follow
Send a Message
Quizzes Created
-
Created Quiz Play Count
-
More By This Creator
Popular Quizzes Today
1
Countries of Asia Without Outlines Minefield
2
Find the US States - No Outlines Minefield
3
Pick 6: Fruits
4
The Countries of the World
5
Find the Countries of Europe - No Outlines Minefield
6
Alphabetical 'K' Countries by Flag Minefield
7
Find the US States
8
US States
More Geography Quizzes
Erase the USA
Published
Trending Quizzes
Pick 6: Mountains
Pick 6: Harry Potter
Pick 6: NFL Teams
Pick 6: Flags
C Names for Actors
Recently Updated
Adaptations: Name the Title
pecheneg
NWSL Teams
pecheneg
Women's Final Four Teams by Year
bhenderson79
Presidents Quartet II
eogle
Anything But Clue(do)
eogle
Anything But Oceanian Capitals
eogle
Anything But 7
eogle
Anything But Thing
eogle
Word Ladder: February 29
pecheneg
Song Title Questions
pecheneg
Trending Topics
Marvel
Kpop
Anime
Disney
Harry Potter
Crossword
NBA
Puzzle
Country
NFL
Pokémon
Soccer
The Office
WWE
Song
Your Account Isn't Verified!
In order to create a playlist on Sporcle, you need to verify the email address you used during registration. Go to your
Sporcle Settings
to finish the process.
Report this User
Report this user for behavior that violates our
Community Guidelines
.
Details:
Send Report
Go to the Sporcle.com Mobile Site →
Comments